| 000 | 01218nam a22003495a 4500 | ||
|---|---|---|---|
| 003 | EG-ScBUE | ||
| 005 | 20221013130515.0 | ||
| 008 | 150823t2006 vraae f 001 0 eng d | ||
| 020 | _a1864701730 : | ||
| 020 | _a9781864701739 : | ||
| 040 |
_aEG-ScBUE _beng _erda _cEG-ScBUE _dEG-ScBUE |
||
| 082 | 0 | 4 |
_a720.483 _bONE _222 |
| 245 | 0 | 0 |
_a101 of the world's tallest buildings / _cedited by Georges Binder. |
| 246 | 3 | _aOne hundred and one of the world's tallest buildings | |
| 264 | 1 |
_aMulgrave, Victoria : _b Images Publishing, _c[2006] |
|
| 264 | 4 | _cc2006 | |
| 300 |
_a238 pages : _billustrations (chiefly color), plans ; _c31 cm |
||
| 500 | _a"Council on Tall Buildings and Urban Habitat". | ||
| 500 | _aIncludes index. | ||
| 500 | _aIncludes appendix. | ||
| 590 | _aMohamed hussein | ||
| 650 | 7 |
_aTall buildings _xDesigns and plans. _2BUEsh |
|
| 650 | 7 |
_aTall buildings _vPictorial works. _2BUEsh |
|
| 650 | 7 |
_aSkyscrapers _xDesigns and plans. _2BUEsh |
|
| 650 | 7 |
_aSkyscrapers _vPictorial works. _2BUEsh |
|
| 651 | _2BUEsh | ||
| 653 |
_bENGGEN _cAugust2015 |
||
| 655 | _vReading book | ||
| 700 | 1 |
_aBinder, Georges, _eeditor. |
|
| 710 | 2 | _aCouncil on Tall Buildings and Urban Habitat. | |
| 942 |
_cBB _2ddc |
||
| 999 |
_c8933 _d8933 |
||